000 00557nam a22002177a 4500
003 UA-OsUOA
001 480
007 ta
008 20050602b un ||||| |||| 00| 0 ukr d
090 _a011
_bП15
942 _cBK
040 _aUA-OsUOA
_brus
_cUA-OsUOA
_dUA-OsUOA
245 _aПамятные книжные даты 1983
300 _a288 с.
955 _a2
041 _arus
080 _a011
260 _aМ.
_bКнига
_c1983
650 7 _a01 Бібліографія і бібліографії. Каталоги
_2UDC
999 _c286652
_d286652